000 00277nam a2200097Ia 4500
008 240331s9999 xx 000 0 und d
082 _bDAL
100 _aDalmia,V
245 0 _aOrienting India :
_bEuropean knowledge formation in the Eighteenth and Nineteenth Centuries
942 _cL
999 _c5675
_d5675